| 000 | 00811nam a2200229Ia 4500 | ||
|---|---|---|---|
| 001 | 14184 | ||
| 003 | GE_BSU | ||
| 008 | 181216s||||||||xx |||||||||||||| ||und|| | ||
| 040 | _cGE_BSU | ||
| 080 | _aპერიოდიკა | ||
| 245 | _aმართლმსაჯულება და კანონი №4 2014 | ||
| 245 | _bმართლმსაჯულების სიახლე | ||
| 245 | _cრედ.ნ.ძიძიგური. | ||
| 260 | _aთბილისი | ||
| 260 | _bშპს სეზანი | ||
| 260 | _c2014 | ||
| 300 | _a178გვ.26სმ. | ||
| 653 | _aმართლმსაჯულება და კანონი | ||
| 653 | _aმართლმსაჯულების სიახლე | ||
| 653 | _aნაჩუქარი | ||
| 942 | _cCR | ||
| 999 |
_c47323 _d47323 |
||